Statistics for Name a Country A-Z - 15 Second Sprint

Click here to take the quiz!

General Stats

  • This quiz has been taken 7,698 times
  • The average score is 8 of 24

Answer Stats

LetterCountry% Correct
AAfghanistan | Albania | Algeria | +8
89%
BBahamas | Bahrain | Bangladesh | +14
82%
CCambodia | Cameroon | Canada | +12
79%
DDenmark | DR Congo | Djibouti | +2
67%
FF. S. Micronesia | Fiji | Finland | France
56%
EEast Timor | Ecuador | Egypt | +6
55%
GGabon | Gambia | Georgia | +8
47%
IIceland | India | Indonesia | +6
41%
HHaiti | Honduras | Hungary
37%
JJamaica | Japan | Jordan
29%
OOman
29%
NNamibia | Nauru | Nepal | +8
23%
KKazakhstan | Kenya | Kiribati | +3
21%
YYemen
21%
LLaos | Latvia | Lebanon | +6
20%
QQatar
19%
UUganda | Ukraine | United Arab Emirates | +4
18%
MMadagascar | Malawi | Malaysia | +14
17%
PPakistan | Palau | Panama | +6
17%
RRep. of the Congo | Romania | Russia | Rwanda
14%
SSt Kitts and Nevis | St Lucia |
St Vincent and the Grenadines | +23
13%
ZZambia | Zimbabwe
13%
TTaiwan | Tajikistan | Tanzania | +8
11%
VVanuatu | Vatican City | Venezuela | Vietnam
7%

Score Distribution

Percentile by Number Answered

Percent of People with Each Score

Your Score History

You have not taken this quiz